Normal view
MARC view
- information systems
Entry Topical Term
001 - CONTROL NUMBER
- control field: 592
003 - CONTROL NUMBER IDENTIFIER
- control field: JO-AjAnu
005 - DATE AND TIME OF LATEST TRANSACTION
- control field: 20230606070413.0
008 - FIXED-LENGTH DATA ELEMENTS
- fixed length control field: 230606|| aca||aabn | a|a d
040 ## - CATALOGING SOURCE
- Original cataloging agency: JO-AjAnu
- Transcribing agency: JO-AjAnu
150 ## - HEADING--TOPICAL TERM
- Topical term or geographic name entry element: information systems
670 ## - SOURCE DATA FOUND
- Source citation: Work cat.: (JO-AjAnu)312: Valacich,joe/Schneider,Christooh, author 591, information Sestems Today Managing in the Digital World